| 000 | nam a22 7a 4500 | ||
|---|---|---|---|
| 999 |
_c342277 _d342277 |
||
| 003 | NUST | ||
| 005 | 20171215104004.0 | ||
| 008 | 171215b xxu||||| |||| 00| 0 eng d | ||
| 020 | _a9788179102213 | ||
| 040 | _c0 | ||
| 082 | _a664.001579 MOD | ||
| 100 |
_aModi,H.A _97326 |
||
| 245 |
_aIntroductory Food Microbiology _cH.A.Modi |
||
| 260 |
_aJaipur, India _bAavishkar _c2007. |
||
| 300 | _a424p. | ||
| 500 | _aH.B | ||
| 942 |
_2ddc _cBK _kIESE |
||